000 00640nam a2200229Ia 4500
003 OSt
005 20221007080914.0
006 a|||||r|||| 00| 0
007 ta
008 221006b |||||||| |||| 00| 0 eng d
024 _a16,984
037 _cTextual
040 _aFLL
_cFLL
_beng
041 _2eng
_aeng
082 _aY11:45:6.3.N7, M2
100 _aWest D.J. Au.
_9689360
245 0 _aDelinquency its roots, careers and prospects
260 _aNew York
_bHarvard university press U.S.A.
_c1982
300 _a186p
_ccm.
942 _hY11:45:6.3.N7, M2
_cTEXL
_2CC
999 _c1161304
_d1161304